[Event "Groningen Vierkampen 2"]
[Site "Groningen"]
[Date "2015.12.23"]
[Round "3"]
[White "Bekedam, Tyro"]
[Black "Moes, Joris"]
[Result "1-0"]
[WhiteElo "1952"]
[BlackElo "2001"]
[PlyCount "37"]
[EventDate "2015.12.21"]
[EventType "tourn"]
[EventRounds "3"]
[EventCountry "NED"]
[SourceTitle "EXT 2017"]
[Source "ChessBase"]
[SourceDate "2016.10.25"]
[SourceVersion "1"]
[SourceVersionDate "2016.10.25"]
[SourceQuality "1"]

1. e4 c5 2. Nf3 d6 3. d4 cxd4 4. Nxd4 Nf6 5. Nc3 a6 6. Bc4 e6 7. Bb3 Be7 8. 0-0 0-0 9. Qf3 Qc7 10. Qg3 Re8 11. Bh6 Bf8 12. Rad1 Nc6 13. Kh1 Nxd4 14. Rxd4 b5 15. Rfd1 Qc5 16. Bg5 Ng4 17. Qxg4 e5 18. Qf3 Ra7 19. R4d3 1-0